000 00560nam a22001817a 4500
008 150601b xxu||||| |||| 00| 0 eng d
020 _a053460417X
041 0 _aeng
080 _a339
100 1 _aSpero, Joan Edelman.
245 1 4 _aThe politics of international economic relations /
_cJoan Edelman Spero, Jeffrey A. Hart.
260 _aBelmont, CA :
_bThomson/Wadsworth,
_cc2003.
300 _a498 f. :
_bme il.;
_c24 cm.
505 _aIndex; f.486-498
650 0 _aMarrëdhëniet ndërkombëtare ekonomike
700 1 _aHart, Jeffrey A.
942 _2udc
_cBK
999 _c935
_d935